[Event "Titled Tuesday intern op 6th Nov"]
[Site "Chess.com INT"]
[Date "2018.11.06"]
[Round "2"]
[White "Hoffmann, Asa"]
[Black "King, Jamal Adam"]
[Result "1-0"]
[WhiteElo "2185"]
[BlackElo "2049"]
[PlyCount "115"]
[EventDate "2018.11.06"]
[EventType "swiss (blitz)"]
[EventRounds "10"]
[EventCountry "USA"]
[SourceTitle "EXT 2021"]
[Source "ChessBase"]
[SourceDate "2020.10.23"]
[SourceVersion "1"]
[SourceVersionDate "2020.10.23"]
[SourceQuality "1"]

1. d4 Nf6 2. Bg5 h6 3. Bh4 g5 4. Bg3 Bg7 5. e3 d5 6. c4 c6 7. Nc3 e6 8. Nf3 Nbd7 9. Qc2 a6 10. c5 Nh5 11. Bd6 Bf8 12. Be5 Nxe5 13. Nxe5 Bg7 14. Be2 Nf6 15. h4 Nd7 16. f4 Nxe5 17. fxe5 gxh4 18. 0-0-0 Qg5 19. Qd2 Bd7 20. Bf3 0-0-0 21. e4 f6 22. exf6 Bxf6 23. e5 Bg7 24. Qxg5 hxg5 25. Bg4 Rdf8 26. Rdf1 Kd8 27. Kd2 Ke7 28. Ke3 Rxf1 29. Rxf1 Rf8 30. Rxf8 Bxf8 31. Nd1 Be8 32. Nf2 Bg6 33. Be2 Bf5 34. Ng4 Bg7 35. b4 Kd7 36. a4 a5 37. bxa5 Kc7 38. Kf3 Be4+ 39. Ke3 Bxg2 40. Nf6 Bxf6 41. exf6 Kd7 42. a6 bxa6 43. Bxa6 g4 44. Be2 g3 45. Kf4 Be4 46. Bf1 Ke8 47. a5 g2 48. Bxg2 Bxg2 49. a6 h3 50. Kg3 e5 51. a7 exd4 52. a8Q+ Kf7 53. Qd8 Kg6 54. Qe7 d3 55. f7 d2 56. f8Q d1Q 57. Qff6+ Kh5 58. Qg5# 1-0

[Event "Titled Tuesday intern op 2nd Dec"]
[Site "Chess.com INT"]
[Date "2017.12.05"]
[Round "1"]
[White "Cardoso Cardoso, Jose Gabriel"]
[Black "King, Jamal Adam"]
[Result "1-0"]
[WhiteElo "2309"]
[BlackElo "1965"]
[PlyCount "49"]
[EventDate "2017.12.05"]
[EventType "swiss (blitz)"]
[EventRounds "10"]
[EventCountry "USA"]
[SourceTitle "EXT 2021"]
[Source "ChessBase"]
[SourceDate "2020.10.23"]
[SourceVersion "1"]
[SourceVersionDate "2020.10.23"]
[SourceQuality "1"]

1. d4 Nf6 2. c4 e6 3. Nc3 d5 4. cxd5 exd5 5. Bg5 c6 6. Qc2 Nbd7 7. e3 Bd6 8. Bd3 0-0 9. Nge2 h6 10. Bh4 Re8 11. 0-0 Nf8 12. Rad1 Bg4 13. f3 Rxe3 14. fxg4 Bxh2+ 15. Kh1 Bc7 16. Bxf6 gxf6 17. Qd2 Qd6 18. g3 Rae8 19. Rf2 Qe6 20. Bf5 Qd6 21. Rdf1 b5 22. Nd1 Rxg3 23. Nxg3 Qxg3 24. Qxh6 Re3 25. Nxe3 1-0